| 000 | 01019nam a22002537a 4500 | ||
|---|---|---|---|
| 005 | 20170124103016.0 | ||
| 010 | _aB-080234 | ||
| 020 |
_c150.00 _a8187779497 |
||
| 035 | _aB-080234 | ||
| 037 | _bCen Lib/Ret | ||
| 040 |
_aDPL _bHN |
||
| 082 |
_aक _bऊग्रकी |
||
| 245 |
_aउग्र की ज़ब्तशुदा कहानियां / _cसंकलन तेज सिंह |
||
| 246 |
_aUgr ki zabtshuda kahaniyan / _bsankalan Tej Singh |
||
| 260 |
_aनयी दिल्ली _bअनुराग प्रकाशन _c2004 |
||
| 270 |
_a1/1073-डी, महरौली _bनयी दिल्ली _e110030 |
||
| 300 |
_a144पृ.: _c19सेमी (सजिल्द) |
||
| 650 |
_aहिंदी साहित्य _959124 |
||
| 650 |
_aहिंदी कहानियां _92082 |
||
| 650 |
_aHindi literature _959125 |
||
| 650 |
_aHindi stories _959126 |
||
| 700 |
_bतेज सिंह _92233 |
||
| 942 |
_2ddc _cHN _hक _mऊग्रकी |
||
| 999 |
_c114949 _d114949 |
||